000
00211 a2200109 4500
020
_a
9780385732604
041
_a
eng
100
_a
Cooney, Caroline B.
245
_a
Code orange
942
_c
BK
999
_c
30006
_d
30004
999
_d
30004